000 01688cam a22004814i 4500
003 PE-LiUPU
005 20250731165549.0
008 150625s r 000 0 d
035 _a(Sirsi) a34373
035 _a(Sirsi) a34373
040 _aPE-LiUPU
_bspa
_cPE-LiUPU
_erda
082 0 4 _a985.04
_bD
_223
245 0 0 _aAsuntos Militares :
_nVolumen 4.
_bEstado militar en 1820-1822 /
_cprólogo, compilación y ordenamiento por el Gral. EP Felipe de la Barra.
264 1 _aLima :
_bComisión Nacional del Sesquicentenario de la Independencia del Perú,
_c1971-1974.
300 _a473 páginas ;
_c24 centímetros.
336 _atext
_2rdacontent
337 _aunmediated
_2rdamedia
338 _avolume
_2rdacarrier
490 0 _aColección Documental de la Independencia del Perú ;
_v6
526 _aSEG44
526 _aSEG26
526 _aP151
526 _aP150
526 _aP149
526 _aP146
526 _aP145
526 _aP126
526 _aP125
526 _aP92
526 _aP75
526 _aP74
526 _aP27
526 _aP15
650 1 4 _aEjército
_zPerú
_ySiglo XIX
_xHistoria.
651 4 _aPerú
_xHistoria militar
651 4 _aPerú
_xHistoria
_yEmancipación, 1808-1824
_vFuentes.
700 1 _aBarra, Felipe de la,
_d1887-1978.
710 2 _aComisión Nacional del Sesquicentenario de la Independencia del Perú.
942 _2ddc
_cBK
949 _aRC 985.04 D 6 / 4
_wDEWEY
_c1
_i16998
_lRC
_mBUL
_r0
_sY
_tBOOK
_u2015-6-25
_xBIBLIOTECA
_zUNKNOWN
_0COMPRA
_o.CIRCNOTE. No olvidar cambiar la fecha de devolución!!!!!!!
_o.STAFF. Colección General
999 _c42222
_d42222
980 _81
_gALBERTO SANCHEZ Responsable de Automatización